Pionieri biznisu a milionári z presvedčenia

Podnikateľský príbeh Olivie Lumovej, v súčasnosti prvej ženy, ktorá získala ocenenie Podnikateľ roka. Podnikateľ s okuliarmi - Japonec Hitoši Tanaka a jeho príbeh. Peter Stordalen - podnikateľ v hotelierstve.

Enregistré dans:
Détails bibliographiques
Auteur principal: Žuffa, Radovan
Format: Chapitre de livre
Langue:slovaque
Sujets:
Tags: Ajouter un tag
Pas de tags, Soyez le premier à ajouter un tag!

MARC

LEADER 00000naa a2200000 4500
001 0133913
005 20231113071013.5
041 0 |a slo 
044 |a SK 
245 1 0 |a Pionieri biznisu a milionári z presvedčenia  |c Radovan Žuffa 
520 |a Podnikateľský príbeh Olivie Lumovej, v súčasnosti prvej ženy, ktorá získala ocenenie Podnikateľ roka. Podnikateľ s okuliarmi - Japonec Hitoši Tanaka a jeho príbeh. Peter Stordalen - podnikateľ v hotelierstve. 
610 2 0 |a podnikanie 
610 2 0 |a podnikatelia 
610 2 0 |a manažéri 
610 2 0 |a súťaže 
610 2 0 |a ženy 
610 2 0 |a muži 
100 1 |a Žuffa, Radovan